000 00181nam a2200085Ia 4500
008 240331s9999 xx 000 0 und d
082 _a303.6
_bUNI
245 0 _aFrozen minds
942 _cL
999 _c1295
_d1295